Three Real One Fake - Borders - Statistics

General Stats
  • This quiz has been taken 30 times
  • The average score is 8 of 12
Answer Stats
Question Answer % Correct
Germany Italy
97%
Saudi Arabia Israel
93%
China Thailand
83%
Nazi Germany Portugal
80%
Andes Mountain Range Panama
73%
Caspian Sea Uzbekistan
70%
Texas (United States) Colorado
67%
Nile River (entire basin) Central African Republic
60%
France Guyana
57%
Queensland (Australia) Victoria
57%
Manitoba (Canada) Montana
40%
Tibet Pakistan
33%
No matching quizzes found
Score Distribution
Percent of People with Each Score
Percentile by Number Answered
Your Score History
You have not taken this quiz